Statistics for Miami Heat Quiz

Click here to take the quiz!

General Stats

  • This quiz has been taken 264 times
  • The average score is 18 of 27

Answer Stats

Answer% Correct
1
96%
Eastern
96%
Pink Raspberry
94%
3
93%
Black
91%
5
87%
10
85%
Miami, Florida
83%
13
79%
Southeast
77%
Erik Spoelstra
75%
1988
74%
23(didn't play for the team)
72%
33
71%
32
67%
Dark Tangerine
67%
Alonzo Mourning
66%
Pat Riley
65%
Chris Bosh
61%
Michael Jordan
60%
Shaquille O'Neal
59%
Tim Hardaway
59%
American Airlines Arena
54%
Micky Arison
18%
Sioux Falls Skyforce
17%
Ultimate Software
14%
Andy Elisburg
11%

Score Distribution

Percentile by Number Answered

Percent of People with Each Score

Your Score History

You have not taken this quiz